| 000 -ლიდერი |
| ფიქსირებული სიგრძის საკონტროლო ველი |
01184nam a2200253Ia 4500 |
| 001 - საკონტროლო ნომერი |
| საკონტროლო ველი |
329 |
| 003 - საკონტროლო ნომრის იდენტიფიკატორი |
| საკონტროლო ველი |
GE_BSU |
| 005 - ბოლო ოპერაციის თარიღი და დრო |
| საკონტროლო ველი |
20200203120514.0 |
| 008 - ფიქსირებული სიგრძის მონაცემთა ელემენტები - ზოგადი ინფორმაცია |
| ფიქსირებული სიგრძის საკონტროლო ველი |
200203s2009 ge ||||| |||| 00| 0 geo d |
| 020 ## - წიგნის საერთაშორისო სტანდარტული ნომერი |
| International Standard Book Number |
9789941904097 |
| 040 ## - კატალოგიზაციის წყარო |
| Transcribing agency |
GE_BSU |
| 041 ## - ენის კოდი |
| Language code of text/sound track or separate title |
geo |
| 080 ## - უნივერსალური ათობითი კლასიფიკაციის ინდექსი |
| Universal Decimal Classification number |
631.8(075.8) თ-95 |
| 100 ## - მთავარი ჩანაწერი - პიროვნების სახელი |
| Personal name |
თხელიძე, ამირან |
| 9 (RLIN) |
6685 |
| 245 ## - ცნობა სათაურის შესახებ |
| Title |
სასუქების გამოყენების სისტემა : |
| Remainder of title |
[სახელმძღვ. აგრ. უნ-ტის სტუდ.] / |
| Statement of responsibility, etc |
ამირან თხელიძე ; [რედ. ოთარ ზარდალიშვილი]. |
| 264 ## - წარმოების, გამოცემის, დისტრიბუციის და სხვა ცნობები |
| გამოცემის, წარმოების, დისტრიბუციის... ადგილი |
თბილისი : |
| გამოცემის, წარმოების, დისტრიბუციის... სახელწოდება |
მწიგნობარი, |
| გამოცემის, წარმოების, დისტრიბუციის... თარიღი |
2009. |
| 300 ## - ფიზიკური აღწერა |
| Extent |
378 გვ.; |
| Other physical details |
19 სმ. |
| 504 ## - BIBLIOGRAPHY, ETC. NOTE |
| Bibliography, etc |
ბიბლიოგრ.: გვ. 371-372. |
| 653 ## - INDEX TERM--UNCONTROLLED |
| Uncontrolled term |
სასუქების გამოყენება სოფლის მეურნეობაში |
| 653 ## - INDEX TERM--UNCONTROLLED |
| Uncontrolled term |
სასოფლო-სამეურნეო სასუქები |
| 700 ## - ADDED ENTRY--PERSONAL NAME |
| Personal name |
ზარდალიშვილი, ოთარ |
| Relator term |
რედაქტორი |
| 9 (RLIN) |
6686 |
| 942 ## - ADDED ENTRY ELEMENTS (KOHA) |
| Koha item type |
წიგნი |
| Source of classification or shelving scheme |
|